Statistics for Cities That Have a Metro System

Click here to take the quiz!

General Stats

  • This quiz has been taken 206 times
    (178 since last reset)
  • The average score is 102 of 150

Answer Stats

CountryCity% Correct
CanadaToronto
96%
AustriaVienna
96%
GermanyBerlin
95%
BelgiumBrussels
95%
DenmarkCopenhagen
95%
FranceParis
95%
ArgentinaBuenos Aires
94%
EgyptCairo
94%
United KingdomLondon
94%
NorwayOslo
94%
Czech RepublicPrague
94%
ChileSantiago
94%
South KoreaSeoul
94%
ChinaBeijing
93%
FinlandHelsinki
93%
SpainMadrid
93%
BrazilRio de Janeiro
93%
CanadaVancouver
93%
NetherlandsAmsterdam
92%
PeruLima
92%
BelarusMinsk
92%
RussiaMoscow
92%
JapanTokyo
92%
PolandWarsaw
92%
GreeceAthens
91%
PortugalLisbon
91%
MexicoMexico City
91%
United StatesNew York
91%
BrazilSão Paulo
91%
BulgariaSofia
91%
AlgeriaAlgiers
90%
UkraineKiev
90%
PhilippinesManila
90%
GermanyMunich
90%
ItalyRome
90%
SingaporeSingapore
90%
SwedenStockholm
90%
AzerbaijanBaku
89%
ThailandBangkok
89%
SpainBarcelona
89%
BrazilBrasília
89%
RomaniaBucharest
89%
HungaryBudapest
89%
IndiaDelhi
89%
GermanyHamburg
89%
TurkeyIstanbul
89%
United StatesLos Angeles
89%
CanadaMontréal
89%
PanamaPanama City
89%
RussiaSaint Petersburg
89%
ChinaShanghai
89%
TaiwanTaipei
89%
IranTehran
89%
MalaysiaKuala Lumpur
88%
ItalyMilan
88%
North KoreaPyongyang
88%
United StatesChicago
87%
FranceLyon
87%
FranceMarseille
86%
JapanOsaka
86%
NetherlandsRotterdam
86%
ItalyNaples
85%
United StatesSan Francisco
85%
TurkeyAnkara
84%
United StatesBoston
84%
VenezuelaCaracas
84%
United Arab EmiratesDubai
83%
United KingdomGlasgow
82%
ChinaHong Kong
82%
IndiaMumbai
82%
GeorgiaTbilisi
82%
United StatesWashington
82%
ItalyTurin
79%
GermanyFrankfurt
78%
Dominican RepublicSanto Domingo
78%
ArmeniaYerevan
78%
United StatesMiami
77%
South KoreaBusan
75%
ChinaGuangzhou
75%
IndiaKolkata
75%
ColombiaMedellín
75%
United StatesPhiladelphia
75%
United StatesAtlanta
73%
SpainSeville
73%
SpainValencia
72%
Saudi ArabiaMecca
67%
UzbekistanTashkent
67%
ChinaTianjin
67%
JapanKyoto
66%
JapanSapporo
66%
ChinaXi'an
66%
JapanNagoya
65%
KazakhstanAlmaty
62%
SpainBilbao
62%
FranceToulouse
62%
ChinaWuhan
62%
United StatesBaltimore
61%
BrazilBelo Horizonte
61%
ItalyGenoa
61%
MexicoMonterrey
61%
BrazilRecife
61%
ChinaShenzhen
61%
IndiaBangalore
60%
FranceLille
60%
JapanHiroshima
58%
TurkeyIzmir
57%
ChinaChengdu
55%
RussiaYekaterinburg
54%
JapanKobe
53%
ChinaNanjing
53%
BrazilSalvador
52%
BrazilPorto Alegre
49%
JapanYokohama
49%
ChinaChongqing
48%
United StatesCleveland
48%
South KoreaIncheon
47%
SwitzerlandLausanne
46%
ChinaHarbin
43%
UkraineKharkiv
43%
FranceRennes
42%
JapanFukuoka
40%
ChinaHangzhou
39%
RussiaNovosibirsk
39%
RussiaKazan
38%
South KoreaDaegu
35%
RussiaSamara
34%
ChinaDalian
33%
TaiwanKaohsiung
32%
GermanyNuremburg
32%
ChinaKunming
30%
IranMashhad
30%
TurkeyBursa
29%
IndiaJaipur
29%
JapanSendai
29%
ChinaShenyang
28%
ChinaChangsha
27%
RussiaNizhny Novgorod
27%
ItalyBrescia
25%
IranShiraz
25%
TurkeyAdana
22%
UkraineDnipropetrovsk
22%
ChinaZhengzhou
20%
ChinaSuzhou
19%
United StatesSan Juan
18%
ChinaFoshan
16%
ChinaNingbo
16%
ChinaWuxi
13%
South KoreaDaejeon
12%
South KoreaGwangju
11%
IndiaGurgaon
5%

Score Distribution

Percentile by Number Answered

Percent of People with Each Score

Your Score History

You have not taken this quiz since the last reset